The Art of Growing Old / (Record no. 184764)
[ view plain ]
| 000 -LEADER | |
|---|---|
| fixed length control field | 00851 a2200169 4500 |
| 003 - CONTROL NUMBER IDENTIFIER | |
| control field | Nust |
| 005 - DATE AND TIME OF LATEST TRANSACTION | |
| control field | 20221215144358.0 |
| 040 ## - CATALOGING SOURCE | |
| Transcribing agency | Nust |
| 082 ## - DEWEY DECIMAL CLASSIFICATION NUMBER | |
| Classification number | 305.26,POW |
| 100 ## - MAIN ENTRY--PERSONAL NAME | |
| Personal name | Powys, John Cowper |
| 9 (RLIN) | 105002 |
| 245 ## - TITLE STATEMENT | |
| Title | The Art of Growing Old / |
| Statement of responsibility, etc. | John Cowper Powys |
| 260 ## - PUBLICATION, DISTRIBUTION, ETC. | |
| Place of publication, distribution, etc. | London |
| Name of publisher, distributor, etc. | Jonathan Cape |
| Date of publication, distribution, etc. | 1944 |
| 300 ## - PHYSICAL DESCRIPTION | |
| Extent | 217:p .; |
| 505 ## - FORMATTED CONTENTS NOTE | |
| Formatted contents note | Old Age in Man And Woman (Paeg-7), Feminine Old Age And Nature (Paeg-26),Old Age And The Inner Life (Paeg-50), Old Age And The Elements (Paeg-63), Old Age And Conscience (Paeg-79), Old Age And Good And Evil (Paeg-92), Old Age And Commons Sense (Paeg-106), Old Age And Other People (Paeg-120), Old Age And Literature (Paeg-140), Old Age And Science (Paeg-166), Old Age And The New Order (Paeg-189), Old Age And Death (Paeg-203). |
| 650 ## - SUBJECT ADDED ENTRY--TOPICAL TERM | |
| Topical term or geographic name entry element | The Art of Growing Old |
| 9 (RLIN) | 105003 |
| 942 ## - ADDED ENTRY ELEMENTS (KOHA) | |
| Source of classification or shelving scheme | |
| Koha item type | Book |
| Call number prefix | 305.26,POW |
| Withdrawn status | Lost status | Source of classification or shelving scheme | Damaged status | Not for loan | Permanent Location | Current Location | Shelving location | Date acquired | Full call number | Barcode | Date last seen | Price effective from | Koha item type | Public note |
|---|---|---|---|---|---|---|---|---|---|---|---|---|---|---|
| Military College of Signals (MCS) | Military College of Signals (MCS) | General Stacks | 12/12/2016 | 305.26,POW | MCS30205 | 12/08/2016 | 12/12/2016 | Book | Almirah No.49, Shelf No.2 |
